Loading...

Confronting the internet's dark side : moral and social resposibility on the free highway /

Bibliographic Details
Main Author: Cohen - Almagor, Raphael
Format: Printed Book
Language:English
Published: UK : Cambridge University Press, 2015.
Edition:1st ed.
Subjects:
LEADER 00659nam a22001697a 4500
008 170809b xxu||||| |||| 00| 0 eng d
999 |c 19901  |d 19901 
020 |a 9781107513471 
082 |a 174.9025  |b COH 
100 |a Cohen - Almagor, Raphael 
245 |a Confronting the internet's dark side :  |b moral and social resposibility on the free highway /  |c Raphael Cohen - Almagor 
250 |a 1st ed. 
260 |a UK :  |b Cambridge University Press,  |c 2015. 
300 |a 389p. 
650 |a Internet 
942 |2 ddc  |c BK 
952 |0 0  |1 0  |2 ddc  |4 0  |6 174_902500000000000_COH  |7 0  |9 27610  |a MAIN  |b MAIN  |d 2017-08-09  |e Current Books  |g 2263.00  |o 174.9025 COH  |p 27747  |r 2017-08-09  |t 1  |w 2017-08-09  |y BK